000 00560nam a2200181Ia 4500
008 090630s9999 xx 000 0 und d
082 _b24639
100 _aमेहता अभय.
245 _aवज्राघात.
_cमेहता अभय.
260 _bओरीएंट लाँगमन्स - मुंबई.
300 _a0
600 _aमेहता अभय.
630 _aवज्राघात.
655 _aइतर.
700 _aमेहता अभय.
730 _aवज्राघात.
942 _cBOOK
999 _c276495
_d276495